000 00397nam a22001571a 4500
082 _aM 909
_bTHO/L
100 _aThomson David
245 _aLokacharithram: 1914-1968/
_cby Thomson David
250 _a2nd ed.
260 _aThiruvananthapuram:
_bKerala Bhasha Institute,
_c1996.
300 _a190p.
650 _aHistory World
650 _aHistory
700 _aDivakaran M (tr.)
942 _cBK
999 _c26051
_d26051